| 000 | 00490nam a2200181Ia 4500 | ||
|---|---|---|---|
| 001 | 4155 | ||
| 005 | 20260306145735.0 | ||
| 008 | 260306t2017||||xx |||||||||||||| ||spa|| | ||
| 041 | _aESP | ||
| 082 |
_a307.1 _bM86 |
||
| 100 |
_aMora Aliseda, Julián _eAUT |
||
| 245 | 0 |
_aPlanificación estratégica, herramienta de gestión urbana y territorial: _bel caso de Mérida |
|
| 260 | _c2017 | ||
| 300 |
_a264 páginas : _c22 cm. |
||
| 650 | _aGEN | ||
| 654 | _aCAU | ||
| 942 |
_cLIB _dJUS _fJUS _2ddc _n |
||
| 999 |
_c4155 _d4155 |
||